Loading...
Kavalathinte randu natakangal/
| Main Author: | |
|---|---|
| Format: | Printed Book |
| Language: | Malayalam |
| Published: |
Kottayam:
Sahitya Pravarthaka Co-operative Society,
c1987.
|
| Subjects: |
| LEADER | 00579 a2200169 4500 | ||
|---|---|---|---|
| 008 | 150103s9999 000 d mal | ||
| 041 | |a mal | ||
| 082 | |a 852.34 | ||
| 100 | |a Narayana Panikkar, Kavalam. | ||
| 245 | |a Kavalathinte randu natakangal/ | ||
| 260 | |a Kottayam: |b Sahitya Pravarthaka Co-operative Society, |c c1987. | ||
| 300 | |a 62 p. | ||
| 505 | |a Suryattanam--Pasugayatri | ||
| 653 | |a Malayalam drama | ||
| 942 | |c BK | ||
| 999 | |c 304852 |d 304852 | ||
| 952 | |0 0 |1 0 |2 ddc |4 0 |6 852_340000000000000_KAV |7 0 |9 349525 |a DRA |b DRA |c ST1 |d 2011-09-26 |g 7.00 |i 5640 |l 0 |o 852.34 KAV |p DRA5640 |r 2019-01-03 |y BK | ||